000 00381nam a2200157Ia 4500
005 20240807062227.0
008 240806s9999||||xx |||||||||||||| ||eng||
041 _aeng
082 _a891.4309
_bSHAS
100 _aShambhunath
245 0 _aSanskriti ki antar katha /
_cShambhunath
260 _bVani Prakashan Delahi
300 _a231
650 _aGeneral Studies
942 _cBK
999 _c12378
_d12378